| 000 | 00547nam a2200205Ia 4500 | ||
|---|---|---|---|
| 003 | OSt | ||
| 005 | 20250204105448.0 | ||
| 008 | 210210b1971 xxu||||| |||| 00| 0 eng d | ||
| 040 | _cAL | ||
| 041 | _aKannada | ||
| 082 | _aK894.301 INDS | ||
| 100 |
_aINDIRA (M K). _9129466 _dಇಂದಿರಾ (ಎಂ ಕೆ ) |
||
| 245 |
_aSphurti. _bಸ್ಫೂರ್ತಿ |
||
| 260 |
_aBengaluru _bPrakasha Sahitya _c1971 |
||
| 300 | _a152 | ||
| 650 |
_aSanna kategalu _9129467 |
||
| 690 |
_aKannada Fiction _9129468 |
||
| 906 | _a029181 | ||
| 942 |
_2ddc _cBK |
||
| 999 |
_c80402 _d80402 |
||